| 000 | 00613nam a22001937a 4500 | ||
|---|---|---|---|
| 003 | OSt | ||
| 005 | 20240627080453.0 | ||
| 008 | 240627b |||||||| |||| 00| 0 eng d | ||
| 020 | _a9781260085334 | ||
| 040 |
_aDWC- Main Lib _cOC |
||
| 082 | _aCirc. 158.7 L222h 2019 | ||
| 100 | _aLamberton, John Porter | ||
| 245 |
_aHuman relations strategies for success / _cJohn Porter Lamberton. |
||
| 260 |
_a Pen Plaza, New York : _bMcGrawhill, _cc2019. |
||
| 300 |
_axvii, 444 pages : _bcolor illustrations ; _c26cm. |
||
| 650 | _a1. Psychology, Industrial | ||
| 650 | _a2. Personnel Management | ||
| 942 |
_2ddc _cBK-CIRC _n1 |
||
| 999 |
_c1527 _d1527 |
||